000 00902nam a2200217Ia 4500
003 Ost
005 20260507075742.0
008 260507s9999||||xx |||||||||||||| ||und||
040 _cfsecg
041 _aara
082 _a330
100 _aالنجار، فريد
_eمؤلف
245 0 _aالإستثمار الدولي والتنسيق الضريبي /
_c فريد النجار
260 _aالإسكندرية:
_bمؤسسة شباب الجامعة,
_c2000
300 _a143 صفحة؛
_bإيضاحات ؛
_c24 سم
520 _aنماذج الإستثمار الدولي في الدول العربية- النماذج الأساسية للتنسيق الضريبي لتنمية الإستثمار الدولي- إقتصاديات التنسيق الضريبي
653 _aالإستثمار
653 _aالإستثمار الدولي
653 _aالضريبة
942 _cكتاب
999 _c46152
_d46152